[Event "Motor City Open"]
[Site "Warren, MI"]
[Date "2002.11.30"]
[Round "4.27"]
[White "Vlacic, Mirko"]
[Black "Vasos, John"]
[Result "1-0"]
[WhiteElo "1534"]
[BlackElo "1176"]
[PlyCount "102"]
[EventDate "2002.11.29"]

1. f4 d5 2. Nf3 Nc6 3. e3 Nf6 4. h3 a6 5. Bd3 g6 6. b3 Bg7 7. Bb2 O-O 8. c3 b5
9. Qc2 e6 10. a4 Bb7 11. axb5 axb5 12. Rxa8 Bxa8 13. Bxb5 Ne7 14. Ba3 c6 15.
Bd3 Nh5 16. g4 Ng3 17. Rg1 Ne4 18. Ke2 f5 19. g5 Re8 20. Qd1 c5 21. Qe1 Qb6 22.
b4 c4 23. Bxe4 fxe4 24. Nh2 Nf5 25. Ng4 Qb5 26. h4 Kf7 27. Rh1 h5 28. gxh6 Nxh6
29. Nxh6+ Bxh6 30. Qg3 Rg8 31. Bc1 Qb8 32. Na3 Bg7 33. h5 gxh5 34. Rxh5 Qe8 35.
f5 Kf8 36. Qd6+ Qe7 37. Nb5 Qxd6 38. Nxd6 Be5 39. Nb5 Ke7 40. Rh7+ Rg7 41.
Rxg7+ Bxg7 42. fxe6 Bc6 43. Na7 Bb7 44. b5 Kxe6 45. Ba3 Be5 46. Kd1 Kd7 47. Bb4
Bb8 48. Bc5 Bxa7 49. Bxa7 Kd6 50. Kc2 Ke6 51. Kb2 Kf5 1-0

[Event "Motor City Open"]
[Site "Warren, MI"]
[Date "2002.11.30"]
[Round "3.32"]
[White "Vasos, John"]
[Black "Johnson, Will"]
[Result "1-0"]
[WhiteElo "1176"]
[BlackElo "557"]
[PlyCount "53"]
[EventDate "2002.11.29"]

1. Nf3 e6 2. e4 Bc5 3. d4 Bb4+ 4. Bd2 Bxd2+ 5. Nbxd2 d5 6. e5 f6 7. Bd3 fxe5 8.
Nxe5 Nf6 9. c3 Nc6 10. Bb5 Bd7 11. Bxc6 Bxc6 12. O-O Nd7 13. Ndf3 Bb5 14. Re1
Qe7 15. a4 Bc4 16. b3 Ba6 17. b4 b5 18. Qd3 Rf8 19. axb5 Nxe5 20. Nxe5 Qf6 21.
Ra2 Qf5 22. bxa6 Qxd3 23. Nxd3 Rc8 24. Rxe6+ Kd7 25. Nc5+ Kd8 26. Rae2 Re8 27.
Rxe8# 1-0

[Event "Motor City Open"]
[Site "Warren, MI"]
[Date "2002.11.30"]
[Round "5.31"]
[White "Vasos, John"]
[Black "Brown, JaMonte"]
[Result "1-0"]
[WhiteElo "1176"]
[BlackElo "893"]
[PlyCount "124"]
[EventDate "2002.11.29"]

1. Nf3 Nf6 2. d4 h6 3. c4 d5 4. cxd5 Nxd5 5. Nc3 e6 6. e3 a6 7. Bd3 Bb4 8. Bd2
Nxc3 9. bxc3 Be7 10. O-O O-O 11. Qc2 g6 12. Ne5 Nd7 13. f4 f5 14. Nxg6 Rf6 15.
Nxe7+ Qxe7 16. e4 Qg7 17. exf5 exf5 18. Bxf5 b6 19. Rf3 Qf7 20. Rg3+ Kf8 21.
Re1 Nc5 22. Bg6 Rxg6 23. Qxg6 Qxg6 24. Rxg6 Nd3 25. Rf1 a5 26. Rxh6 Kg7 27. Rh5
Ba6 28. Rg5+ Kf6 29. h4 c5 30. f5 cxd4 31. Rg6+ Kf7 32. cxd4 Ne5 33. Rxb6 Bxf1
34. Kxf1 Nc4 35. Rb7+ Kf6 36. Bg5+ Kxf5 37. Rf7+ Kg6 38. Rf6+ Kh5 39. g3 a4 40.
Kg2 Kg4 41. Rf4+ Kh5 42. g4+ Kg6 43. Rf6+ Kg7 44. h5 Rg8 45. Rc6 Kf7 46. Rxc4
Rxg5 47. Kf3 a3 48. Rc5 Rg8 49. Ra5 Rd8 50. Ke4 Re8+ 51. Re5 Ra8 52. g5 Rh8 53.
g6+ Kg7 54. d5 Kh6 55. d6 Rd8 56. Kd5 Rf8 57. d7 Rb8 58. Kc6 Rg8 59. Re8 Rxe8
60. dxe8=Q Kxh5 61. g7+ Kg4 62. g8=Q+ Kf4 1-0

[Event "Motor City Open"]
[Site "Warren, MI"]
[Date "2002.11.30"]
[Round "4.29"]
[White "Sturgis, Derreck"]
[Black "Richter, Jack"]
[Result "0-1"]
[WhiteElo "1090"]
[BlackElo "1450"]
[PlyCount "58"]
[EventDate "2002.11.29"]

1. e4 e5 2. Nf3 Nc6 3. d3 Nf6 4. c3 Be7 5. g3 d6 6. Bg2 Bg4 7. Nbd2 O-O 8. O-O
d5 9. Re1 d4 10. h3 Bxf3 11. Nxf3 Nd7 12. h4 h6 13. Nh2 Nf6 14. Ng4 Kh7 15. f4
Nh5 16. Qf3 exf4 17. Bxf4 Nxf4 18. Qxf4 Kg8 19. Ne5 Nxe5 20. Qxe5 Bf6 21. Qb5
dxc3 22. e5 c6 23. Qxb7 Bxe5 24. Rxe5 Qd4+ 25. Kh2 Qxe5 26. Bxc6 cxb2 27. Rb1
Rab8 28. Qxa7 Qe2+ 29. Kh3 Qc2 0-1

[Event "Motor City Open"]
[Site "Warren, MI"]
[Date "2002.11.30"]
[Round "3.12"]
[White "Speight, Timothy"]
[Black "Kaminski, Trajce"]
[Result "0-1"]
[WhiteElo "1107"]
[BlackElo "1800"]
[PlyCount "58"]
[EventDate "2002.11.29"]

1. e4 e6 2. d4 d5 3. Nd2 c5 4. Ngf3 Nc6 5. Bb5 Bd7 6. c3 dxe4 7. Nxe4 cxd4 8.
Nxd4 Nxd4 9. Bxd7+ Qxd7 10. Qxd4 Qc6 11. Bg5 f5 12. Ng3 h6 13. Bh4 Rh7 14. Nh5
Bc5 15. Nxg7+ Kf7 16. Qe5 Rxg7 17. O-O-O Be7 18. Bxe7 Nxe7 19. Rhe1 Nd5 20. Re2
Rc8 21. Kb1 Rg6 22. Red2 Rd8 23. c4 Qxc4 24. Rc1 Qe4+ 25. Qxe4 fxe4 26. g3 Nc3+
27. Rxc3 Rxd2 28. Re3 Rxf2 29. Rxe4 Rxh2 0-1

[Event "Motor City Open"]
[Site "Warren, MI"]
[Date "2002.11.30"]
[Round "5.18"]
[White "Scott, Steven"]
[Black "Wood, Jack"]
[Result "0-1"]
[WhiteElo "1775"]
[BlackElo "1450"]
[PlyCount "40"]
[EventDate "2002.11.29"]

1. e4 c5 2. Nf3 e6 3. d4 cxd4 4. Nxd4 a6 5. Be2 Nf6 6. Nd2 Qc7 7. O-O Nc6 8.
Nxc6 bxc6 9. c4 Bb7 10. Bd3 Be7 11. b3 d5 12. Bb2 Rd8 13. cxd5 cxd5 14. e5 Nd7
15. Qe2 Nc5 16. Rfc1 Qb6 17. Bd4 Qb4 18. Bxc5 Bxc5 19. Nf3 Qb6 20. a3 O-O {
Remainder illegible, 54?} 0-1

[Event "Motor City Open"]
[Site "Warren, MI"]
[Date "2002.11.30"]
[Round "3.4"]
[White "Scott, Steven"]
[Black "Levi, Ariel"]
[Result "0-1"]
[WhiteElo "1775"]
[BlackElo "2169"]
[PlyCount "48"]
[EventDate "2002.11.29"]

1. e4 c5 2. Nf3 Nc6 3. d3 g6 4. g3 Bg7 5. Bg2 e5 6. O-O Nge7 7. Nbd2 O-O 8. Re1
d6 9. Nf1 h6 10. c3 Be6 11. Ne3 Qd7 12. Qe2 f5 13. exf5 gxf5 14. Nc2 Rad8 15.
Nh4 d5 16. f4 e4 17. dxe4 fxe4 18. Be3 d4 19. cxd4 cxd4 20. Bxe4 dxe3 21. Qxe3
Nd5 22. Qd3 Nf6 23. Ng6 Nxe4 24. Qxe4 Rf6 {Remainder illegible, 31?} 0-1

[Event "Motor City Open"]
[Site "Warren, MI"]
[Date "2002.11.30"]
[Round "4.10"]
[White "Salami, Samer"]
[Black "Bailey, Greg"]
[Result "0-1"]
[WhiteElo "1469"]
[BlackElo "1956"]
[PlyCount "112"]
[EventDate "2002.11.29"]

1. e4 e6 2. d4 d5 3. e5 c5 4. c4 dxc4 5. Bxc4 cxd4 6. Nf3 Bc5 7. Qc2 Qb6 8. a3
a5 9. Nbd2 a4 10. Ne4 Nd7 11. O-O Ne7 12. Neg5 h6 13. Ne4 Nc6 14. Bf4 g5 15.
Bg3 g4 16. Nh4 Be7 17. Nd6+ Bxd6 18. exd6 Ra5 19. Rfe1 Rg5 20. Bxe6 fxe6 21.
Rxe6+ Kf7 22. Rae1 Qb3 23. Qc1 Qxe6 24. Rxe6 Kxe6 25. Qc4+ Kf6 26. Bf4 Rgg8 27.
Qd5 Nf8 28. g3 Be6 29. Qe4 Ng6 30. Ng2 Rd8 31. f3 h5 32. Nh4 Nxh4 33. gxh4 Bf5
34. Qd5 Rd7 35. Bg5+ Kg6 36. Bf4 Re8 37. Kf2 gxf3 38. Qxf3 Bg4 39. Qd3+ Kg7 40.
h3 Rf8 41. Qd2 Rdf7 42. Kg1 Rxf4 43. hxg4 Rxg4+ 44. Kh2 Rxh4+ 45. Kg3 Rg4+ 46.
Kh2 Rd8 47. Qd3 Rxd6 48. Qf5 d3 49. Qf3 d2 50. Qd1 Ne7 51. Kh1 Nf5 52. b4 Ne3
53. Qa1+ Kg8 54. Qa2+ Nc4 55. Kh2 d1=Q 56. Qf2 Rd2 0-1

[Event "Motor City Open"]
[Site "Warren, MI"]
[Date "2002.11.30"]
[Round "4.35"]
[White "Reddick, Forrest"]
[Black "Zaremba, Anatoli"]
[Result "0-1"]
[WhiteElo "944"]
[BlackElo "1137"]
[PlyCount "89"]
[EventDate "2002.11.29"]

1. d4 d5 2. Nc3 Nf6 3. Nf3 e6 4. Bg5 Be7 5. Bxf6 Bxf6 6. e4 dxe4 7. Nxe4 Nd7 8.
d5 Nb6 9. Nxf6+ Qxf6 10. dxe6 Bxe6 11. Nd4 Rd8 12. c3 c5 13. Bb5+ Kf8 14. Nxe6+
Qxe6+ 15. Qe2 Qxe2+ 16. Bxe2 g6 17. O-O Rd2 18. Bg4 Rxb2 19. Bf3 Na4 20. c4 Nc3
21. a3 Kg7 22. Rfc1 Ne2+ 23. Bxe2 Rxe2 24. Rcb1 Rhe8 25. h3 b6 26. a4 Rc2 27.
Rc1 Ree2 28. a5 Rxf2 29. Rxc2 Rxc2 30. axb6 axb6 31. Ra4 Kf6 32. g4 Ke5 33. Kf1
Kd4 34. Ra6 Kxc4 35. Rxb6 Kd3 36. Rf6 Rh2 37. Rxf7 Rxh3 38. Kf2 c4 39. Kg2 Re3
40. Rxh7 Kd2 41. g5 c3 42. Rh6 c2 43. Rxg6 c1=Q 44. Kf2 Qe1+ 45. Kg2 0-1

[Event "Motor City Open"]
[Site "Warren, MI"]
[Date "2002.11.30"]
[Round "4.15"]
[White "Raban, David"]
[Black "Fick II, Douglas"]
[Result "1-0"]
[WhiteElo "1668"]
[BlackElo "1289"]
[PlyCount "64"]
[EventDate "2002.11.29"]

1. d4 Nf6 2. c4 g6 3. Nc3 Bg7 4. e4 d6 5. Nf3 O-O 6. Be2 c5 7. O-O Nbd7 8. Be3
Ng4 9. Bg5 h6 10. Bf4 cxd4 11. Nxd4 Nxf2 12. Rxf2 e5 13. Be3 exd4 14. Bxd4 Bxd4
15. Qxd4 Nb6 16. Rd1 Be6 17. Nb5 Qg5 18. Nxd6 Rad8 19. c5 Nc8 20. Bc4 Bxc4 21.
Qxc4 b6 22. Rxf7 Nxd6 23. Rxf8+ Kxf8 24. Rf1+ Ke7 25. cxd6+ Rxd6 26. Qf7+ Kd8
27. Qg8+ Kc7 28. Qa8 Qc5+ 29. Kh1 Qf2 30. Qxa7+ Kd8 31. Qb8+ Kd7 32. Qxd6+ Kxd6
1-0

[Event "Motor City Open"]
[Site "Warren, MI"]
[Date "2002.11.30"]
[Round "4.8"]
[White "O'Donnell, Robert"]
[Black "Taliaferro I, Robert"]
[Result "1-0"]
[WhiteElo "2165"]
[BlackElo "1533"]
[PlyCount "120"]
[EventDate "2002.11.29"]

1. d4 d5 2. c4 e6 3. Nc3 Nf6 4. Bg5 Be7 5. e3 Nc6 6. Nf3 b6 7. Bxf6 Bxf6 8.
cxd5 exd5 9. Qb3 Ne7 10. Bd3 Bb7 11. O-O g6 12. Ne5 O-O 13. f4 Rb8 14. Qd1 Qc8
15. Qe2 c5 16. f5 Bxe5 17. dxe5 d4 18. exd4 cxd4 19. Ne4 Bxe4 20. Bxe4 gxf5 21.
Bd3 Qe6 22. Bc4 Qh6 23. Rf3 f4 24. Rd1 Rbd8 25. Qe4 Ng6 26. Rxd4 Qg7 27. Rxd8
Rxd8 28. e6 Rd1+ 29. Bf1 Qd4+ 30. Qxd4 Rxd4 31. exf7+ Kxf7 32. Rc3 Rd7 33. Bb5
Re7 34. Kf2 Ne5 35. Bc4+ Kf6 36. Be2 a5 37. Rc8 Re6 38. h4 Kg7 39. b3 Rh6 40.
Rc7+ Kf6 41. h5 Kg5 42. Re7 Ng4+ 43. Kf3 Kf6 44. Rb7 Ne3 45. Rxb6+ Kg5 46. Rb5+
Kh4 47. Rxa5 Rf6 48. a4 Re6 49. Rc5 Nxg2 50. Bc4 Ne1+ 51. Kxf4 Rf6+ 52. Ke4 Nc2
53. Kd3 Ne1+ 54. Kc3 Rf3+ 55. Kb4 Nc2+ 56. Ka5 Nd4 57. b4 Rc3 58. Kb6 h6 59. a5
Ra3 60. b5 Nc2 1-0

[Event "Motor City Open"]
[Site "Warren, MI"]
[Date "2002.11.30"]
[Round "4.6"]
[White "Mazuchowski, Tom"]
[Black "Manion, Tom"]
[Result "1/2-1/2"]
[WhiteElo "2000"]
[BlackElo "1794"]
[PlyCount "84"]
[EventDate "2002.11.29"]

1. e4 e5 2. f4 exf4 3. Be2 Qh4+ 4. Kf1 d6 5. d4 Nc6 6. Nc3 Nge7 7. Nb5 Kd8 8.
Nf3 Qf6 9. e5 Qh6 10. d5 Nxe5 11. Nxe5 dxe5 12. d6 Nc6 13. dxc7+ Ke8 14. Bf3
Bd7 15. Qe2 Qe6 16. Bd2 a6 17. Nc3 Nd4 18. Qd3 Nxf3 19. Qxf3 Qc6 20. Qe2 Qxc7
21. Bxf4 f6 22. Bg3 Kf7 23. Bf2 g6 24. Be3 Rc8 25. Rc1 Qxc3 26. bxc3 Bb5 27.
Qxb5 axb5 28. Bd2 Rc5 29. Rb1 Bd6 30. Ke2 Rb8 31. Rb2 Ra8 32. Rhb1 Ke6 33. Kd1
Rd5 34. Rxb5 Rxa2 35. Rxd5 Kxd5 36. Rxb7 h5 37. h4 Ra1+ 38. Ke2 Ke4 39. Rf7 Rg1
40. Rxf6 Rxg2+ 41. Rf2 Rxf2+ 42. Kxf2 Bc5+ 1/2-1/2

[Event "Motor City Open"]
[Site "Warren, MI"]
[Date "2002.11.30"]
[Round "4.14"]
[White "Matyszewski, Krzysztof"]
[Black "Samuel, Roland"]
[Result "1-0"]
[WhiteElo "1709"]
[BlackElo "1339"]
[PlyCount "53"]
[EventDate "2002.11.29"]

1. e4 c5 2. Nc3 Nc6 3. g3 g6 4. Bg2 Bg7 5. Nge2 Nf6 6. O-O O-O 7. f4 d6 8. d3
a6 9. a4 Rb8 10. Kh1 Bd7 11. Be3 b5 12. axb5 axb5 13. d4 Ng4 14. Bg1 cxd4 15.
Nxd4 Nxd4 16. Bxd4 e5 17. Bg1 Rb6 18. h3 h5 19. Bxb6 Qxb6 20. hxg4 hxg4 21. Nd5
Qc5 22. f5 gxf5 23. exf5 Kh7 24. b4 Qc8 25. Qxg4 Rh8 26. Kg1 Qxc2 27. Be4 1-0

[Event "Motor City Open"]
[Site "Warren, MI"]
[Date "2002.11.30"]
[Round "4.4"]
[White "Matyszewska, Magdalena"]
[Black "Comstock, Ron"]
[Result "1-0"]
[WhiteElo "2223"]
[BlackElo "1824"]
[PlyCount "71"]
[EventDate "2002.11.29"]

1. e4 e6 2. d3 d5 3. Nd2 c5 4. Ngf3 dxe4 5. dxe4 Nf6 6. g3 Be7 7. Bg2 Nc6 8. c3
Qd3 9. Qe2 Qxe2+ 10. Kxe2 O-O 11. a3 b6 12. e5 Ba6+ 13. Ke1 Nd7 14. Nb3 Rac8
15. Bf4 h6 16. h4 Rfd8 17. Rd1 Bc4 18. Nbd2 Bd3 19. g4 c4 20. Bf1 Nc5 21. Nxc4
Bxf1 22. Rxd8+ Rxd8 23. Kxf1 Nd3 24. Bg3 b5 25. Nd6 Bxd6 26. exd6 e5 27. b4
Rxd6 28. Ke2 Rd8 29. Rd1 e4 30. Ne5 Ncxe5 31. Bxe5 Rc8 32. Bd4 g6 33. Ke3 f5
34. gxf5 gxf5 35. Rg1+ Kf7 36. Rg7+ 1-0

[Event "Motor City Open"]
[Site "Warren, MI"]
[Date "2002.11.30"]
[Round "4.25"]
[White "MacLeod, Neil"]
[Black "Williams, Marcus"]
[Result "1-0"]
[WhiteElo "1750"]
[BlackElo "1227"]
[PlyCount "108"]
[EventDate "2002.11.29"]

1. e4 d5 2. exd5 Nf6 3. Nc3 Nxd5 4. Nge2 Nxc3 5. Nxc3 e6 6. d4 c5 7. Be3 cxd4
8. Qxd4 Qxd4 9. Bxd4 Nc6 10. Bb5 Bd7 11. O-O-O Nxd4 12. Bxd7+ Kxd7 13. Rxd4+
Ke8 14. Nb5 Bc5 15. Rc4 Bb6 16. Nd6+ Ke7 17. Nxb7 Bxf2 18. Rc7+ Kf8 19. Rf1
Be3+ 20. Kb1 f6 21. Nd6 Bh6 22. Nf7 Rg8 23. Nxh6 gxh6 24. Rxf6+ Ke8 25. g3 Rg6
26. Rxg6 hxg6 27. Rh7 Rd8 28. Kc1 h5 29. Rh8+ Kd7 30. Rxd8+ Kxd8 31. Kd2 Kd7
32. Ke3 g5 33. c4 Kd6 34. b4 a6 35. a4 Ke5 36. b5 axb5 37. axb5 g4 38. b6 Kd6
39. Ke4 Kc6 40. c5 Kd7 41. Ke5 Kc6 42. Kxe6 Kb7 43. Kd6 Kc8 44. c6 Kb8 45. Kd7
Ka8 46. c7 Kb7 47. c8=Q+ Kxb6 48. Qc6+ Ka5 49. Qb7 h4 50. Kc6 Ka4 51. Kc5 Ka3
52. Kc4 Ka2 53. Kc3 Ka1 54. Kc2 h3 1-0

[Event "Motor City Open"]
[Site "Warren, MI"]
[Date "2002.11.30"]
[Round "4.32"]
[White "Livschitz, Jennifer"]
[Black "Cottrell-Finegold, Kelly"]
[Result "0-1"]
[WhiteElo "732"]
[BlackElo "1384"]
[PlyCount "90"]
[EventDate "2002.11.29"]

1. e4 c5 2. Nf3 d6 3. d4 cxd4 4. Nxd4 Nf6 5. Nc3 a6 6. Bc4 e6 7. Bg5 Be7 8. O-O
O-O 9. h3 Nc6 10. Nxc6 bxc6 11. Re1 Bb7 12. Qd2 d5 13. exd5 cxd5 14. Bb3 Bb4
15. a3 Ba5 16. Ba2 d4 17. b4 dxc3 18. Qxc3 Bb6 19. Rad1 Qc8 20. Bxf6 gxf6 21.
Qxf6 Qxc2 22. Bb1 Qc6 23. Qg5+ Kh8 24. Kf1 Bd8 25. Qh6 Qxg2+ 26. Ke2 Bf3+ 27.
Kd2 Bg5+ 28. Qxg5 Qxg5+ 29. Kc2 Bxd1+ 30. Rxd1 Qf5+ 31. Kc1 Qxf2 32. Rd3 Rac8+
33. Kd1 Qf1+ 34. Kd2 Qxb1 35. h4 Rfd8 36. Rxd8+ Rxd8+ 37. Kc3 Qe1+ 38. Kb3 Qxh4
39. Ka4 Rd5 40. Kb3 a5 41. bxa5 Rxa5 42. Kb2 Qh3 43. Kc2 Rxa3 44. Kd2 Qh2+ 45.
Kc1 Ra1# 0-1

[Event "Motor City Open"]
[Site "Warren, MI"]
[Date "2002.11.30"]
[Round "5.9"]
[White "Li, Wei"]
[Black "Bailey, Greg"]
[Result "1-0"]
[WhiteElo "1531"]
[BlackElo "1956"]
[PlyCount "76"]
[EventDate "2002.11.29"]

1. d4 Nf6 2. Bg5 Ne4 3. Bf4 c5 4. f3 Nf6 5. c3 b6 6. dxc5 bxc5 7. e4 Qb6 8. Qc2
Nc6 9. Bd3 e5 10. Be3 a5 11. Nd2 d5 12. exd5 Nxd5 13. Bf2 Nf6 14. Ne4 Qc7 15.
Ne2 Be7 16. O-O O-O 17. N2g3 g6 18. Rfe1 Be6 19. Nd2 Rfd8 20. b3 Qd7 21. Be4
Nxe4 22. Ngxe4 c4 23. Nc5 cxb3 24. axb3 Bxc5 25. Bxc5 Qd5 26. b4 axb4 27. cxb4
Rxa1 28. Rxa1 Nxb4 29. Qc3 Na2 30. Qe3 Rc8 31. Ne4 Kg7 32. h4 h6 33. Be7 f5 34.
Bf6+ Kh7 35. Qa7+ Bf7 36. Nd6 Rf8 37. Qe7 Kg8 38. Nxf7 Qxf7 1-0

[Event "Motor City Open"]
[Site "Warren, MI"]
[Date "2002.11.30"]
[Round "3.16"]
[White "Li, Derek"]
[Black "MacLeod, Neil"]
[Result "1-0"]
[WhiteElo "1434"]
[BlackElo "1750"]
[PlyCount "50"]
[EventDate "2002.11.29"]

1. e4 d5 2. exd5 Qxd5 3. Nc3 Qa5 4. d4 Bf5 5. Nf3 Nf6 6. Bd2 c6 7. Bc4 e6 8. a3
Qc7 9. Rc1 Nbd7 10. Qe2 Bd6 11. Bd3 Bg6 12. Bxg6 hxg6 13. h3 O-O-O 14. Ng5 Nb6
15. Nce4 Nbd5 16. Nxd6+ Rxd6 17. c4 Ne7 18. Nxf7 Rxd4 19. Nxh8 Re4 20. Be3 Nf5
21. O-O Nh5 22. Nxg6 Qf7 23. Qxh5 b6 24. Qh8+ Kc7 25. Bf4+ Nd6 {Remainder
illegible, 29?} 1-0

[Event "Motor City Open"]
[Site "Warren, MI"]
[Date "2002.11.30"]
[Round "4.5"]
[White "Kvatadze, David"]
[Black "Wilson, Vester"]
[Result "0-1"]
[WhiteElo "1918"]
[BlackElo "2087"]
[PlyCount "96"]
[EventDate "2002.11.29"]

1. d3 d5 2. Nf3 c5 3. Nbd2 Nc6 4. e4 d4 5. Be2 e5 6. O-O Bd6 7. Ne1 Nf6 8. Nc4
Bc7 9. a4 Be6 10. Bg5 h6 11. Bxf6 Qxf6 12. Bg4 Bxc4 13. dxc4 h5 14. Bh3 g5 15.
Bf5 Ne7 16. Qf3 Nxf5 17. exf5 O-O-O 18. Nd3 Qd6 19. Qe4 a5 20. Rfe1 f6 21. Rad1
g4 22. b3 Rhg8 23. Re2 Rg5 24. g3 Kb8 25. f4 gxf3 26. Qxf3 h4 27. Nf2 hxg3 28.
Ne4 gxh2+ 29. Kh1 Rg1+ 30. Rxg1 hxg1=Q+ 31. Kxg1 Rg8+ 32. Rg2 Qf8 33. Rxg8
Qxg8+ 34. Qg3 Qf8 35. Qg6 Bd8 36. Qh7 Be7 37. Kg2 Ka7 38. Kg3 Qd8 39. Kg2 d3
40. cxd3 Qxd3 41. Qxe7 Qxe4+ 42. Kg3 Qe3+ 43. Kg2 e4 44. Qxf6 Qf3+ 45. Kh2 Qf2+
46. Kh3 e3 47. Qc3 Qxf5+ 48. Kg3 Qf2+ 0-1

[Event "Motor City Open"]
[Site "Warren, MI"]
[Date "2002.11.30"]
[Round "3.2"]
[White "Kvatadze, David"]
[Black "Matyszewska, Magdalena"]
[Result "1/2-1/2"]
[WhiteElo "1918"]
[BlackElo "2223"]
[PlyCount "102"]
[EventDate "2002.11.29"]

1. d3 c5 2. Nf3 Nf6 3. e4 d6 4. Be2 Nc6 5. O-O e6 6. Nbd2 a6 7. c3 Be7 8. a3
O-O 9. b4 b5 10. Bb2 Bb7 11. Nb3 Qb6 12. Qd2 Rfd8 13. Qf4 Rac8 14. Nbd2 a5 15.
Rab1 axb4 16. axb4 cxb4 17. cxb4 e5 18. Qf5 Nxb4 19. d4 Nc6 20. dxe5 dxe5 21.
Bxe5 Nxe5 22. Qxe5 Bd6 23. Rxb5 Qc7 24. Qb2 Bxe4 25. Nxe4 Nxe4 26. Rb7 Rb8 27.
Rb3 Bc5 28. Bd3 Rxb3 29. Qxb3 Bxf2+ 30. Rxf2 Qc1+ 31. Rf1 Qe3+ 32. Kh1 Qxd3 33.
Qxd3 Rxd3 34. Ra1 Rd1+ 35. Rxd1 Nf2+ 36. Kg1 Nxd1 37. Kf1 Ne3+ 38. Kf2 Nd5 39.
g3 f6 40. Ke2 Kf7 41. Nd4 g5 42. Kf3 Kg6 43. g4 h5 44. Kg3 hxg4 45. Kxg4 Ne3+
46. Kf3 Nf5 47. Ne2 Nd6 48. h3 f5 49. Nd4 Kf6 50. Ne2 Ke5 51. Nc1 Ne4 1/2-1/2

[Event "Motor City Open"]
[Site "Warren, MI"]
[Date "2002.11.30"]
[Round "4.7"]
[White "Kaminski, Trajce"]
[Black "Brooks, John"]
[Result "0-1"]
[WhiteElo "1800"]
[BlackElo "2173"]
[PlyCount "40"]
[EventDate "2002.11.29"]

1. Nf3 d5 2. c4 d4 3. d3 c5 4. Bf4 Nc6 5. g3 f6 6. Bg2 e5 7. Bd2 Qb6 8. b3 Bg4
9. O-O g5 10. Re1 Rd8 11. h3 Bf5 12. Na3 h5 13. Nh2 Qc7 14. Nf1 Qc8 15. e3 Bxh3
16. exd4 Bxg2 17. dxe5 Qh3 18. exf6+ Kf7 19. Nh2 Nxf6 20. Qe2 Nd4 0-1

[Event "Motor City Open"]
[Site "Warren, MI"]
[Date "2002.11.30"]
[Round "3.26"]
[White "Holden, Anthony"]
[Black "Livschitz, Jennifer"]
[Result "1-0"]
[WhiteElo "1483"]
[BlackElo "732"]
[PlyCount "75"]
[EventDate "2002.11.29"]

1. d4 d5 2. e3 Nc6 3. f4 f5 4. c3 Nf6 5. Nf3 e6 6. Bb5 a6 7. Bxc6+ bxc6 8. Ne5
Ne4 9. Qh5+ Ke7 10. Nxc6+ Kd7 11. Nxd8 Kxd8 12. Nd2 Bb7 13. Nxe4 dxe4 14. Qg5+
Be7 15. Qxg7 Kd7 16. c4 Rad8 17. b3 Kc8 18. Qxe7 Rde8 19. Qf7 Ref8 20. Qxe6+
Kb8 21. d5 Re8 22. Qxf5 Bc8 23. Qf6 Rhf8 24. Qh6 Rf7 25. d6 cxd6 26. Qxd6+ Rc7
27. Bb2 Re6 28. Qd5 h6 29. O-O-O Rce7 30. Be5+ Ka7 31. Qc5+ Ka8 32. Rd8 Kb7 33.
Qxc8+ Kb6 34. Bd4+ Ka5 35. Rd5+ Kb4 36. Rb5+ Ka3 37. Ra5+ Kb4 38. Qc5# 1-0

[Event "Motor City Open"]
[Site "Warren, MI"]
[Date "2002.11.30"]
[Round "5.12"]
[White "Hazzard, Bill"]
[Black "Kvatadze, David"]
[Result "0-1"]
[WhiteElo "1624"]
[BlackElo "1918"]
[PlyCount "96"]
[EventDate "2002.11.29"]

1. d4 d6 2. e4 Nf6 3. Nc3 Nbd7 4. Nf3 e5 5. dxe5 dxe5 6. Bb5 c6 7. Bd3 Be7 8.
O-O O-O 9. Bg5 Ne8 10. Qd2 Bf6 11. Rad1 Qe7 12. Ne2 Nc7 13. Ng3 Nc5 14. Rfe1
Bg4 15. Nf5 Qe6 16. Bxf6 Qxf6 17. Qg5 Qxg5 18. Nxg5 Bxd1 19. Rxd1 h6 20. Nf3 f6
21. Kf1 Kh7 22. Ke2 Rad8 23. g3 Rd7 24. Ne1 Rfd8 25. f4 g6 26. Nh4 N7e6 27. f5
Nd4+ 28. Kd2 gxf5 29. Kc1 fxe4 30. Bf1 Ndb3+ 31. cxb3 Rxd1+ 32. Kc2 Rxe1 33.
Bh3 Re2+ 34. Kc3 Rd3+ 35. Kb4 Na6+ 36. Ka3 Rdd2 37. Bf5+ Kg8 38. Ng6 Rxb2 39.
b4 Rxb4 40. Be6+ Kg7 41. Nh4 c5 42. Nf5+ Kh8 43. Nd6 Nc7 44. Bb3 Nb5+ 45. Nxb5
Rxb5 46. Bc4 Re3+ 47. Ka4 Rb4+ 48. Ka5 Ra3# 0-1

[Event "Motor City Open"]
[Site "Warren, MI"]
[Date "2002.11.30"]
[Round "5.11"]
[White "Harris, Greg"]
[Black "Vandivier, Don"]
[Result "0-1"]
[WhiteElo "1768"]
[BlackElo "1945"]
[PlyCount "60"]
[EventDate "2002.11.29"]

1. e4 c5 2. f4 e6 3. Nf3 a6 4. a4 d5 5. exd5 exd5 6. d4 Nf6 7. Be2 cxd4 8. Nxd4
Bc5 9. c3 O-O 10. O-O Nc6 11. Be3 Qe7 12. Bf2 Ne4 13. Na3 Nxf2 14. Rxf2 Re8 15.
Nac2 Qf6 16. Bd3 g6 17. f5 Nxd4 18. Nxd4 Bxd4 19. cxd4 Qxd4 20. f6 Re6 21. Qf3
Re3 22. Qd1 Rxd3 23. Qc1 Qe3 24. Qc7 Bf5 25. Raf1 Rc8 26. Qxb7 Rd2 27. g3 Bh3
28. g4 Bxg4 29. Qxa6 Rxf2 30. Rxf2 Rc1+ 0-1

[Event "Motor City Open"]
[Site "Warren, MI"]
[Date "2002.11.30"]
[Round "3.9"]
[White "Harris, Greg"]
[Black "Mazuchowski, Tom"]
[Result "0-1"]
[WhiteElo "1768"]
[BlackElo "2000"]
[PlyCount "104"]
[EventDate "2002.11.29"]

1. e4 e5 2. f4 Bc5 3. Nf3 d6 4. f5 Nf6 5. Nc3 Nc6 6. Bb5 Bd7 7. Qe2 O-O 8. d3
Nd4 9. Nxd4 exd4 10. Bxd7 dxc3 11. Ba4 Bd4 12. Rb1 c6 13. bxc3 Bxc3+ 14. Bd2
Bxd2+ 15. Qxd2 b5 16. Bb3 Qb6 17. a4 d5 18. axb5 cxb5 19. e5 Rfe8 20. d4 Ne4
21. Qd3 Qa5+ 22. Kf1 Nd2+ 23. Kf2 Nxb1 24. Rxb1 b4 25. Qf3 Rad8 26. f6 Qb6 27.
Qg4 g6 28. Ra1 Rxe5 29. Kg1 Rf5 30. h4 Qxf6 31. h5 Rf4 32. Qg3 Rxd4 33. Rf1 Qe6
34. Qf2 Re4 35. Qxa7 Re1 36. hxg6 hxg6 37. Qd4 Re8 38. Qd2 Qe2 39. Rxe1 Qxe1+
40. Qxe1 Rxe1+ 41. Kf2 Re5 42. Kf3 f6 43. Kf4 Kf7 44. g4 g5+ 45. Kf3 Ke6 46.
Ba4 Re4 47. Be8 Rf4+ 48. Kg3 Ke5 49. Bg6 Kd4 50. Bh7 Kc3 51. Bg6 Rd4 52. Kf3
Rd2 0-1

[Event "Motor City Open"]
[Site "Warren, MI"]
[Date "2002.11.30"]
[Round "5.8"]
[White "Haidukewych, Dan"]
[Black "Mazuchowski, Tom"]
[Result "1/2-1/2"]
[WhiteElo "1663"]
[BlackElo "2000"]
[PlyCount "68"]
[EventDate "2002.11.29"]

1. Nf3 Nf6 2. g3 g6 3. Bg2 Bg7 4. O-O O-O 5. Re1 d6 6. e4 c5 7. d3 Nc6 8. c3
Bg4 9. Nbd2 Qc8 10. Qc2 Rb8 11. b3 b5 12. Bb2 Bh3 13. a4 Bxg2 14. Kxg2 a6 15.
axb5 axb5 16. Ra2 Qb7 17. Rea1 Ra8 18. Qb1 Nd7 19. Rxa8 Rxa8 20. Rxa8+ Qxa8 21.
Qa1 Qxa1 22. Bxa1 b4 23. Nb1 bxc3 24. Bxc3 Bxc3 25. Nxc3 Nb4 26. d4 cxd4 27.
Nxd4 Kf8 28. f3 Nc5 29. Na4 Nb7 30. Kf1 Na5 31. Ke2 e5 32. Nb5 Nxb3 33. Nxd6
Nd4+ 34. Kf2 Ke7 1/2-1/2

[Event "Motor City Open"]
[Site "Warren, MI"]
[Date "2002.11.30"]
[Round "4.11"]
[White "Garrison, Ray"]
[Black "Holden, Anthony"]
[Result "1-0"]
[WhiteElo "1874"]
[BlackElo "1483"]
[PlyCount "53"]
[EventDate "2002.11.29"]

1. e4 c5 2. Nf3 e5 3. Nxe5 Qe7 4. Nf3 d5 5. e5 Nc6 6. Bb5 Bg4 7. O-O O-O-O 8.
Bxc6 bxc6 9. Re1 f5 10. d4 h6 11. Qd3 g5 12. dxc5 Qxc5 13. Nd4 f4 14. h3 Bd7
15. e6 Be8 16. e7 Nxe7 17. Ne6 Qa5 18. Bd2 Qb6 19. Nxf8 Qb7 20. Ne6 Bg6 21.
Nxd8 Qxb2 22. Qa6+ Kxd8 23. Ba5+ Ke8 24. Qc8+ Kf7 25. Qe6+ Kg7 26. Qxe7+ Kg8
27. Bc3 1-0

[Event "Motor City Open"]
[Site "Warren, MI"]
[Date "2002.11.30"]
[Round "3.1"]
[White "Finegold, Ben"]
[Black "Gabbara, Faris"]
[Result "1-0"]
[WhiteElo "2643"]
[BlackElo "2051"]
[PlyCount "75"]
[EventDate "2002.11.29"]

1. d4 Nf6 2. c4 e6 3. Nc3 d5 4. cxd5 exd5 5. Bg5 Be7 6. e3 O-O 7. Bd3 h6 8. Bh4
c6 9. Qc2 Re8 10. Nf3 Nbd7 11. O-O Ne4 12. Bxe4 Bxh4 13. Bh7+ Kh8 14. Bd3 Bf6
15. Rfe1 Nf8 16. b4 Qd6 17. Rab1 Bg4 18. Nd2 Bh5 19. Na4 Bg6 20. Nc5 b6 21.
Bxg6 Nxg6 22. Nd3 Rac8 23. Rec1 Qd7 24. Rb3 Nh4 25. g3 Nf5 26. Nf3 Ne7 27. Rc3
Qf5 28. Nde5 Qxc2 29. R3xc2 Kg8 30. Nxc6 Nxc6 31. Rxc6 Rxc6 32. Rxc6 Kf8 33. b5
Ra8 34. a4 Ke8 35. Ne1 Be7 36. Nd3 Rd8 37. Rc7 Ra8 38. Nf4 1-0